00589nam a2200169Ia 4500008004100000041000800041082001600049100001500065245004700080260001800127300000800145365001600153700001500169906003400184999001900218952018200237230718s9999 xx 000 0 und d aeng a004.33bBEN aBennett S. aReal Time Computer Control An Introduction c2005bPearson a431 cRs.b275.00 aBennett S. d1060700808/09.09.06cCOMPb55 c314695d314695 00104070aCCEPbCCEPd2006-09-18eVarma Book DistributorsfCOMPg220.00i1060700808/09.09.06l0o004.33pCCEP-BK-25902r2023-07-18 00:00:00t55v275.00w2006-09-09yBKz025902